| 000 | 01110nam0a22002531 4500 | ||
|---|---|---|---|
| 001 | rc\524558 | ||
| 005 | 20250621120520.0 | ||
| 035 | _a(NLR Aleph) 005763359 | ||
| 090 |
_a4962281 _c4962281 |
||
| 100 | _a20030616d1987 |||y0rusy50 ca | ||
| 101 | 0 | _arus | |
| 102 | _aRU | ||
| 105 | _ay ||||||||| | ||
| 200 | 1 |
_aПравовые средства охраны окружающей среды в Восточно-Сибирском регионе _e(Тез. докл. к науч.-практ. конф. [8-9 окт. 1987 г.] _f[Редкол.: С.С. Акманов и др.] |
|
| 210 |
_aИркутск _cБ. и. _d1987 |
||
| 215 |
_a58 с. _d21 |
||
| 300 | _aВ надзаг.: Иркут. обл. совет науч.-техн. о-в, Юрид. фак. Иркут. гос. ун-та, Иркут. обл. прокуратура и др. | ||
| 702 | 1 |
_aАкманов _bС.С. _gСтепан Степанович _4340 |
|
| 712 | 0 | 2 | _aИркутский обл. совет науч.-техн. о-в |
| 801 | 0 |
_aRU _bNLR _gpsbo |
|
| 801 | 1 |
_aRU _bELAR _2rusmarc |
|
| 852 |
_aNLR _j87-4/16900 |
||
| 942 | _cBOOK | ||
| 980 | _aNB | ||